El Faro : diario escolar (Record no. 68958)
[ view plain ]
| 000 -CABECERA | |
|---|---|
| campo de control de longitud fija | 00442nam a2200181 a 4500 |
| 005 - FECHA Y HORA DE LA ÚLTIMA TRANSACCIÓN | |
| campo de control | 20210219153128.0 |
| 008 - ELEMENTOS DE LONGITUD FIJA--INFORMACIÓN GENERAL | |
| campo de control de longitud fija | 991125n 000 0 u |
| 035 ## - NÚMERO DE CONTROL DEL SISTEMA | |
| Número de control de sistema | UPN01000079173 |
| 100 ## - ASIENTO PRINCIPAL--NOMBRE PERSONAL | |
| Nombre de persona | COSTA JOU, Ramon |
| 222 ## - TÍTULO CLAVE | |
| Título clave | RUMBOS |
| 245 ## - MENCIÓN DE TÍTULO | |
| Título | El Faro : diario escolar |
| 300 ## - DESCRIPCIÓN FÍSICA | |
| Extensión | 15-17 |
| 362 ## - FECHAS DE PUBLICACIÓN Y/O DESIGNACIÓN SECUENCIAL | |
| Fecha de publicación y/o designación secuencial | 1955 4, no. 19 nov. |
| 653 0# - TERMINO DE INDIZACION - NO CONTROLADO | |
| Término no controlado | PERIODICOS |
| 653 0# - TERMINO DE INDIZACION - NO CONTROLADO | |
| Término no controlado | PUBLICACIONES ESCOLARES |
| 904 ## - ELEMENTOS DE DATOS D LOCAL, LDD (RLIN) | |
| a | AC |
| b | 016984 |
| 905 ## - TIPO DE MATERIAL | |
| Tipo de material | Articulo |
No items available.
